| 000 -LEADER |
| fixed length control field |
02003cam a22004697i 4500 |
| 001 - CONTROL NUMBER |
| control field |
18748079 |
| 003 - CONTROL NUMBER IDENTIFIER |
| control field |
NUST |
| 005 - DATE AND TIME OF LATEST TRANSACTION |
| control field |
20210727113242.0 |
| 008 - FIXED-LENGTH DATA ELEMENTS--GENERAL INFORMATION |
| fixed length control field |
150818t20162016ilua 000 0 eng d |
| 010 ## - LIBRARY OF CONGRESS CONTROL NUMBER |
| LC control number |
2015949491 |
| 020 ## - INTERNATIONAL STANDARD BOOK NUMBER |
| International Standard Book Number |
9780996058728 (hbk.) |
| 020 ## - INTERNATIONAL STANDARD BOOK NUMBER |
| International Standard Book Number |
0996058729 (hbk.) |
| 035 ## - SYSTEM CONTROL NUMBER |
| System control number |
(OCoLC)ocn932018730 |
| 038 ## - RECORD CONTENT LICENSOR |
| Staff Name |
waseem |
| 040 ## - CATALOGING SOURCE |
| Original cataloging agency |
JBL |
| Language of cataloging |
eng |
| Description conventions |
rda |
| Transcribing agency |
JBL |
| Modifying agency |
OCLCF |
| -- |
MUU |
| -- |
BTCTA |
| -- |
DLC |
| 042 ## - AUTHENTICATION CODE |
| Authentication code |
lccopycat |
| 050 00 - LIBRARY OF CONGRESS CALL NUMBER |
| Classification number |
TR810 |
| Item number |
.L25 2016 |
| 082 04 - DEWEY DECIMAL CLASSIFICATION NUMBER |
| Classification number |
779.930776 |
| Author Mark |
LAF |
| 100 1# - MAIN ENTRY--PERSONAL NAME |
| Personal name |
Laforet, Vincent, |
| Relator term |
photographer. |
| 9 (RLIN) |
81101 |
| 245 10 - TITLE STATEMENT |
| Title |
AIR / |
| Statement of responsibility, etc. |
Vincent Laforet ; foreword by astronaut Donald R. Pettit. |
| 250 ## - EDITION STATEMENT |
| Edition statement |
2nd edition. |
| 264 #1 - PRODUCTION, PUBLICATION, DISTRIBUTION, MANUFACTURE, AND COPYRIGHT NOTICE |
| Place of production, publication, distribution, manufacture |
Chicago, Illinois : |
| Name of producer, publisher, distributor, manufacturer |
Press Syndication Group, |
| Date of production, publication, distribution, manufacture, or copyright notice |
2016. |
| 264 #4 - PRODUCTION, PUBLICATION, DISTRIBUTION, MANUFACTURE, AND COPYRIGHT NOTICE |
| Date of production, publication, distribution, manufacture, or copyright notice |
©2016 |
| 300 ## - PHYSICAL DESCRIPTION |
| Extent |
223 pages : |
| Other physical details |
chiefly color illustrations ; |
| Dimensions |
38 cm |
| 336 ## - CONTENT TYPE |
| Content type term |
still image |
| Content type code |
sti |
| Source |
rdacontent |
| 336 ## - CONTENT TYPE |
| Content type term |
text |
| Content type code |
txt |
| Source |
rdacontent |
| 337 ## - MEDIA TYPE |
| Media type term |
unmediated |
| Media type code |
n |
| Source |
rdamedia |
| 338 ## - CARRIER TYPE |
| Carrier type term |
volume |
| Carrier type code |
nc |
| Source |
rdacarrier |
| 505 0# - FORMATTED CONTENTS NOTE |
| Formatted contents note |
New York -- Chicago -- Los Angeles -- Berlin -- London -- Miami -- San Francisco -- Barcelona -- Sydney. |
| 520 ## - SUMMARY, ETC. |
| Summary, etc. |
A collection of aerial photographs of New York City, Chicago, Los Angeles, Las Vegas, Berlin, London, Miami, San Francisco, Barcelona and Sydney, taken by photographer Vincent Laforet from altitudes between 5,000 and almost 12,000 feet. |
| 563 ## - BINDING INFORMATION |
| Binding note |
HBK. |
| 650 #0 - SUBJECT ADDED ENTRY--TOPICAL TERM |
| Topical term or geographic name entry element |
Cities and towns |
| Form subdivision |
Aerial photographs. |
| 9 (RLIN) |
81102 |
| 650 #0 - SUBJECT ADDED ENTRY--TOPICAL TERM |
| Topical term or geographic name entry element |
Cities and towns |
| Form subdivision |
Pictorial works. |
| 9 (RLIN) |
81103 |
| 650 #7 - SUBJECT ADDED ENTRY--TOPICAL TERM |
| Topical term or geographic name entry element |
Cities and towns. |
| Source of heading or term |
fast |
| Authority record control number or standard number |
(OCoLC)fst00861748 |
| 655 #7 - INDEX TERM--GENRE/FORM |
| Genre/form data or focus term |
Aerial photographs. |
| Source of term |
fast |
| Authority record control number |
(OCoLC)fst01423684 |
| 9 (RLIN) |
81104 |
| 655 #7 - INDEX TERM--GENRE/FORM |
| Genre/form data or focus term |
Pictorial works. |
| Source of term |
fast |
| Authority record control number |
(OCoLC)fst01423874 |
| 9 (RLIN) |
81105 |
| 655 #7 - INDEX TERM--GENRE/FORM |
| Genre/form data or focus term |
Aerial photographs. |
| Source of term |
lcgft |
| 9 (RLIN) |
81104 |
| 700 1# - ADDED ENTRY--PERSONAL NAME |
| Personal name |
Pettit, Donald R., |
| Relator term |
writer of foreword. |
| 9 (RLIN) |
81106 |
| 906 ## - LOCAL DATA ELEMENT F, LDF (RLIN) |
| a |
7 |
| b |
cbc |
| c |
copycat |
| d |
2 |
| e |
epcn |
| f |
20 |
| g |
y-gencatlg |
| 942 ## - ADDED ENTRY ELEMENTS (KOHA) |
| Source of classification or shelving scheme |
|
| Koha item type |
Book |